Podział administracyjny Australii (pełna wersja) - Statystyki

Ogólne statystyki
  • Ten quiz został rozwiązany 112 razy
  • Średni wynik to 6 z 16
Statystyki odpowiedzi
Rodzaj Odpowiedź % Poprawnych
Stan Tasmania
72%
Stan Nowa Południowa Walia
62%
Stan Wiktoria
61%
Stan Australia Zachodnia
59%
Stan Queensland
54%
Stan Australia Południowa
48%
Terytorium wewnętrzne Terytorium Północne
46%
Terytorium wewnętrzne Australijskie Terytorium Stołeczne
39%
Terytorium zewnętrzne Wyspy Kokosowe
39%
Terytorium zewnętrzne Wyspa Bożego Narodzenia
33%
Terytorium zewnętrzne Norfolk
31%
Terytorium zewnętrzne Wyspy Morza Koralowego
20%
Terytorium zewnętrzne Wyspy Heard i McDonalda
18%
Terytorium wewnętrzne Terytorium Jervis Bay
16%
Terytorium zewnętrzne Australijskie Terytorium Antarktyczne
10%
Terytorium zewnętrzne Wyspy Ashmore i Cartiera
8%
Nie znaleziono quizów pasujących do podanych kryteriów
Rozkład punktacji
Procent ludzi z każdym wynikiem
Percentyl według liczby udzielonych odpowiedzi
Twoja historia wyników
Nie rozwiązałeś tego quizu